01097nam a2200217 a 450000100100000000500170001000800410002704000250006810000360009324501320012926000360026149000130029750000630031071000900037370000440046383000190050795201200052695201050064695201110075199900170086200004603920250307114820.0150612s1991 dr 000 0 spa d aDO-SdBNPbspacBNPHU1 aSoto Tejeda, Luis Marcos97411410aSupervisión fiscalización bancaria :bexperiencia dominicana /cLuis Marcos Soto Tejeda ; prólogo Arturo Martínez Moya. aSanto Domingo, :bCEMYB,c1991.1 aEstudios aIncluye datos biografícos del autor en la contraportada.2 aCentro de Estudios Monetarios y Bancarios (Santo Domingo, República Dominica)960231 aMartínez Moya, Arturoepról.961113 0aEstudios93854 001054708DSaGRbGRcHDd2015-06-12iLF1l0o p46039-30r2020-06-25te. 3w2020-06-25yLFDSZPréstamo en sala 0010718PDaPDbPDcHDd2015-06-12iLF1l0o p46039-10r2020-06-25w2020-06-25yLFPDZNo se presta 0010718PDaPDbPDcHDd2015-06-12iLF1l0o p46039-20r2020-06-25te. 2w2020-06-25yLFPDZNo se presta c45528d45528